Le Palais Güell : [guide] / textes: Antoni González, Raquel Lacuesta, Jaume de Puig ; photos: Ramon Manent, Montserrat Baldomà, Francesc Morera [guide] / textes:
MARC
| LEADER | 00000nam a2200000Ia 4500 | ||
|---|---|---|---|
| 001 | 16626 | ||
| 008 | 160829s2004 xx 000 0 cat d | ||
| 020 | |a 84-7794-989-1 | ||
| 080 | |a FU-45-3 | ||
| 100 | 1 | |a González, Antoni, |d 1943- |9 26020 | |
| 245 | |a Le Palais Güell : |b [guide] / textes: |b Antoni González, Raquel Lacuesta, Jaume de Puig ; photos: |b Ramon Manent, Montserrat Baldomà, Francesc Morera | ||
| 250 | |a 4e ed. | ||
| 260 | |a Barcelona : |b Diputació de Barcelona, |c 2004 | ||
| 300 | |a 40 p. : |b il., col. ; |c 22 cm | ||
| 590 | |a Text en francès. | ||
| 590 | |a Hi ha altres exemplars de diferents edicions en català (R. 12420), castellà (R. 13278), anglès (R. 13279, 16625), italià (R. 10735, 13277), alemany (R. 10734) i japonès (R. 22262 a FU-54-11) | ||
| 600 | 1 | 0 | |a Gaudí, Antoni, |d 1852-1926 |9 51678 |
| 610 | 2 | 0 | |a Palau Güell (Barcelona) |v Guies |9 52892 |
| 650 | 0 | |a Modernisme (Arquitectura) |z Barcelona (Catalunya) |9 38366 | |
| 650 | 0 | |a Palaus |z Catalunya |9 29887 | |
| 700 | |a Lacuesta, Raquel, |d 1949- |9 24935 | ||
| 700 | 1 | |a Puig i Oliver, Jaume de, |d 1944- |9 33105 | |
| 700 | |a Manent, Ramon, |d 1948- |e fotògraf |9 39599 | ||
| 700 | |a Baldomà, Montserrat |9 32681 | ||
| 700 | |a Morera, Francesc, fot. |9 39600 | ||
| 710 | 1 | |a Barcelona (Catalunya : Província). |b Diputació |9 52408 | |
| 901 | |a Arxiu | ||
| 942 | |n 1 |2 udc | ||
| 952 | |0 0 |1 0 |4 0 |6 FU453 |7 1 |9 49107 |a Arxiu |b Arxiu |d 2016-12-01 |l 0 |o FU-45-3 |p 16626 |r 2016-12-01 00:00:00 |w 2016-12-01 |y ARXIU | ||
| 999 | |c 52944 |d 52944 | ||